Saneamiento y depuración de aguas residuales en pequeños núcleos rurales /

Guardado en:
Autor Principal: España Ministerio de Agricultura Pesca y Alimentación
Formato: Libro
Publicado: Madrid : Ministerio de Agricultura Pesca y Alimentación, 0
Materias:
Etiquetas: Agregar Etiqueta
Sin Etiquetas, Sea el primero en etiquetar este registro!
LEADER 00620nam a22001575a 4500
001 CEM.cems016700
005 20130809162237.0
008 130507b######################000#0#####d
003 CEMS
082 0 4 |a 574.5 
100 1 |a España Ministerio de Agricultura Pesca y Alimentación 
245 1 0 |a Saneamiento y depuración de aguas residuales en pequeños núcleos rurales /  |c España Ministerio de Agricultura Pesca y Alimentación, 
260 |a Madrid :  |b Ministerio de Agricultura Pesca y Alimentación, 0 
300 |a 58 p. 
653 |a Aguas residuales-depuración 
859 |a CEMS  |b BIB. CEMS - Agricultura  |h 574.5  |i Es61  |p A0397.02  |t Ej.1